[Event "Hradec Kralove op 9th"]
[Site "Hradec Kralove"]
[Date "2018.10.02"]
[Round "3"]
[White "Toman, Jaroslav"]
[Black "Kolesnikova, Kristina"]
[Result "0-1"]
[WhiteElo "2232"]
[BlackElo "2008"]
[PlyCount "58"]
[EventDate "2018.09.30"]
[EventType "swiss"]
[EventRounds "9"]
[EventCountry "CZE"]
[SourceTitle "CBM 186 Extra"]
[Source "ChessBase"]
[SourceDate "2018.08.24"]
[SourceVersion "1"]
[SourceVersionDate "2018.08.24"]
[SourceQuality "1"]

1. e4 e5 2. Nf3 Nc6 3. Bb5 a6 4. Ba4 Nf6 5. 0-0 Be7 6. Re1 b5 7. Bb3 0-0 8. h3 d5 9. exd5 Nxd5 10. Nxe5 Nxe5 11. Rxe5 Nb6 12. d3 c5 13. c3 Bd6 14. Re1 Bb8 15. Nd2 Qxd3 16. Bc2 Qd6 17. Nf3 Bb7 18. Qxd6 Bxd6 19. Ng5 h6 20. Ne4 Rfe8 21. Kf1 Bf8 22. b3 f5 23. Ng3 Bxg2+ 24. Kxg2 Rxe1 25. Bxf5 Rd8 26. Bc2 Nd5 27. Ne4 Nf4+ 28. Kh2 Nd3 29. Bb2 Rxe4 0-1

[Event "Chigorin Memorial 24th"]
[Site "St Petersburg"]
[Date "2016.10.21"]
[Round "7"]
[White "Saidov, Bilukhadzh"]
[Black "Kolesnikova, Kristina"]
[Result "1/2-1/2"]
[WhiteElo "2230"]
[BlackElo "2012"]
[PlyCount "104"]
[EventDate "2016.10.15"]
[EventType "swiss"]
[EventRounds "9"]
[EventCountry "RUS"]
[SourceTitle "CBM 175 Extra"]
[Source "ChessBase"]
[SourceDate "2016.12.12"]
[SourceVersion "1"]
[SourceVersionDate "2016.12.12"]
[SourceQuality "1"]

1. d4 Nf6 2. c4 e6 3. Nc3 b6 4. Nf3 Bb7 5. a3 c5 6. d5 d6 7. e4 Be7 8. Bd3 0-0 9. 0-0 Bc8 10. dxe6 Bxe6 11. Nd5 Bg4 12. Nxf6+ gxf6 13. h3 Bh5 14. e5 fxe5 15. Be4 Nd7 16. Bxa8 Qxa8 17. Qa4 Rd8 18. Nh2 Kh8 19. f3 Nf8 20. Be3 Ne6 21. Kh1 f5 22. Rad1 f4 23. Bg1 Ng7 24. Qc2 Qc8 25. Rfe1 Nf5 26. Bf2 Qe6 27. Qe4 Bf7 28. b3 Rg8 29. Qb7 Qg6 30. Rg1 Be6 31. Qxa7 Qh5 32. Ng4 Bh4 33. Qxb6 Bxf2 34. Nxf2 Qh4 35. Ng4 e4 36. fxe4 Ng3+ 37. Kh2 Bxg4 38. Qxd6 Bxd1 39. Qe5+ Rg7 40. Qe8+ Rg8 41. Qe5+ Rg7 42. Rxd1 Ne2 43. Qe8+ Rg8 44. Qe5+ Rg7 45. Qe8+ Rg8 46. Qe5+ Rg7 47. Rd3 Nd4 48. Qb8+ Rg8 49. Qe5+ Rg7 50. Qe8+ Rg8 51. Qe5+ Rg7 52. Qe8+ Rg8 1/2-1/2

[Event "Chigorin Memorial 24th"]
[Site "St Petersburg"]
[Date "2016.10.18"]
[Round "4"]
[White "Kolesnikova, Kristina"]
[Black "Srinath, Rao SV"]
[Result "1/2-1/2"]
[WhiteElo "2012"]
[BlackElo "2279"]
[PlyCount "135"]
[EventDate "2016.10.15"]
[EventType "swiss"]
[EventRounds "9"]
[EventCountry "RUS"]
[SourceTitle "CBM 175 Extra"]
[Source "ChessBase"]
[SourceDate "2016.12.12"]
[SourceVersion "1"]
[SourceVersionDate "2016.12.12"]
[SourceQuality "1"]

1. c4 Nf6 2. Nc3 g6 3. e4 d6 4. d4 Bg7 5. Be2 0-0 6. Bg5 Na6 7. Qd2 c5 8. d5 Qa5 9. Nf3 Re8 10. 0-0 Bg4 11. h3 Bxf3 12. Bxf3 Nd7 13. Be2 Nc7 14. Bh6 Bh8 15. f4 b5 16. f5 bxc4 17. fxg6 hxg6 18. Qf4 Bd4+ 19. Kh1 Ne5 20. Nd1 Qa4 21. Rc1 Reb8 22. Bxc4 Bxb2 23. Nxb2 Rxb2 24. Qh4 Qe8 25. Bg5 Nxc4 26. Bxe7 f5 27. Bf6 Qxe4 28. Qh8+ Kf7 29. Qg7+ Ke8 30. Bxb2 Ne3 31. Rg1 Kd8 32. Bf6+ Kc8 33. Rce1 Ncxd5 34. Qf8+ Kb7 35. Rb1+ Nb6 36. Qxd6 Nxg2 37. Qe7+ Qxe7 38. Bxe7 Nf4 39. h4 Kc6 40. Kh2 Nbd5 41. Bg5 Nd3 42. Rg3 Ne5 43. Ra3 Nb4 44. Rc3 Nd5 45. Ra3 a5 46. Re1 Kd6 47. Kg2 c4 48. Rd1 Kc5 49. Bd2 c3 50. Bxc3 Ne3+ 51. Kg3 Nxd1 52. Bxe5 Re8 53. Rxa5+ Kb4 54. Rd5 Ne3 55. Bd6+ Kc4 56. Rc5+ Kd3 57. Bf4 Nc2 58. Rc6 Re1 59. Bg5 Ra1 60. Rxg6 Rxa2 61. Kf4 Nd4 62. Rd6 Rg2 63. Bf6 Rg4+ 64. Ke5 Re4+ 65. Kd5 Nb5 66. Rd7 Nc3+ 67. Bxc3 Kxc3 68. Rf7 1/2-1/2

[Event "Chigorin Memorial 23rd"]
[Site "St Petersburg"]
[Date "2015.10.04"]
[Round "2"]
[White "Kolesnikova, Kristina"]
[Black "Keadana, Amir"]
[Result "1-0"]
[WhiteElo "2027"]
[BlackElo "1730"]
[PlyCount "47"]
[EventDate "2015.10.03"]
[EventType "swiss"]
[EventRounds "9"]
[EventCountry "RUS"]
[SourceTitle "CBM 168 Extra"]
[Source "ChessBase"]
[SourceDate "2015.10.29"]
[SourceVersion "1"]
[SourceVersionDate "2015.10.29"]
[SourceQuality "1"]

1. e4 e6 2. Nf3 d5 3. Nc3 Nf6 4. e5 Nfd7 5. d4 c5 6. dxc5 Bxc5 7. Bd3 Nc6 8. Qe2 0-0 9. Bxh7+ Kxh7 10. Ng5+ Kg6 11. Qd3+ f5 12. Nxe6 Bxf2+ 13. Kxf2 Ndxe5 14. Nxf8+ Qxf8 15. Qg3+ Ng4+ 16. Kf1 Nce5 17. h3 Qc5 18. Ne2 Bd7 19. Bf4 Bb5 20. Re1 Re8 21. Bxe5 Rxe5 22. hxg4 Qd4 23. Qf2 Qd2 24. Rh5 1-0

[Event "St Petersburg Spring op"]
[Site "St Petersburg"]
[Date "2012.03.29"]
[Round "8"]
[White "Krukovsky, Alexander"]
[Black "Kolesnikova, Kristina"]
[Result "1/2-1/2"]
[WhiteElo "2089"]
[BlackElo "1927"]
[PlyCount "100"]
[EventDate "2012.03.22"]
[EventType "swiss"]
[EventRounds "9"]
[EventCountry "RUS"]
[SourceTitle "EXT 2013"]
[Source "ChessBase"]
[SourceDate "2012.11.22"]
[SourceVersion "1"]
[SourceVersionDate "2012.11.22"]
[SourceQuality "1"]

1. d4 d5 2. c4 c6 3. Nf3 Nf6 4. cxd5 cxd5 5. Nc3 Nc6 6. Bf4 a6 7. e3 Bf5 8. Ne5 Qb6 9. Qd2 e6 10. Nxc6 bxc6 11. a3 c5 12. dxc5 Qxc5 13. Rc1 Qa5 14. Be2 Be7 15. 0-0 0-0 16. Rfd1 Qd8 17. Qd4 h6 18. h3 Bg6 19. Na4 Nd7 20. Bc7 Qe8 21. Nb6 Bf6 22. Qb4 a5 23. Qb5 Nxb6 24. Qxb6 Bd8 25. Bb5 Bxc7 26. Rxc7 Rb8 27. Rb7 Rxb7 28. Qxb7 Qc8 29. Qxc8 Rxc8 30. Rd2 Kf8 31. Kf1 Rb8 32. a4 f6 33. Ke2 Ke7 34. Rd4 Be8 35. b4 Bxb5+ 36. axb5 Rxb5 37. bxa5 Rxa5 38. Rb4 Ra7 39. h4 Kf7 40. g3 e5 41. Kf3 Rd7 42. Ke2 Ke6 43. Ra4 g5 44. hxg5 fxg5 45. g4 Rd6 46. Ra7 Kf6 47. Rh7 Kg6 48. Re7 Kf6 49. Rh7 Kg6 50. Re7 Kf6 1/2-1/2

[Event "St Petersburg Autumn op"]
[Site "St Petersburg"]
[Date "2011.11.01"]
[Round "5"]
[White "Dzhavathanov, Magomed"]
[Black "Kolesnikova, Kristina"]
[Result "0-1"]
[WhiteElo "1793"]
[BlackElo "1921"]
[PlyCount "114"]
[EventDate "2011.10.28"]
[EventType "swiss"]
[EventRounds "9"]
[EventCountry "RUS"]
[SourceTitle "EXT 2013"]
[Source "ChessBase"]
[SourceDate "2012.11.22"]
[SourceVersion "1"]
[SourceVersionDate "2012.11.22"]
[SourceQuality "1"]

1. e4 c5 2. Nf3 g6 3. d4 cxd4 4. Qxd4 Nf6 5. e5 Nc6 6. Qh4 Nxe5 7. Nxe5 Qa5+ 8. Nc3 Qxe5+ 9. Be3 Bg7 10. 0-0-0 0-0 11. Bc4 Qh5 12. Qf4 Qg4 13. Qc7 Qxg2 14. Bd5 Nxd5 15. Nxd5 e6 16. Rhg1 Qe4 17. Ne7+ Kh8 18. Qd6 Qe5 19. Qb4 a5 20. Qa3 b5 21. Rg5 b4 22. Qb3 Qxh2 23. Rg3 Be5 24. Bd4 Bxd4 25. Rxd4 Qxf2 26. Rd2 Qf6 27. Nxc8 Raxc8 28. Rf3 Qg5 29. Rh3 Rc5 30. Rhd3 Re5 31. c3 Re1+ 32. Kc2 Qg1 33. Qc4 Rc1+ 34. Kb3 bxc3 35. Rxc3 Qb6+ 36. Ka3 Rb1 37. Rb3 Qc6 38. Qd4+ Kg8 39. Rh2 h5 40. Rxh5 f6 41. Rg3 e5 42. Qd2 Qc5+ 43. Ka4 Qc4+ 44. Ka3 Qb4+ 45. Qxb4 axb4+ 46. Kb3 g5 47. Rgh3 Kf7 48. Rh7+ Ke6 49. Rd3 d5 50. Rb7 e4 51. Re3 f5 52. Rxb4 Ke5 53. Kc2 Ra1 54. Ra3 Rc8+ 55. Kd2 Rac1 56. Ra7 R8c2+ 57. Ke3 f4# 0-1